The new protectionism.

Kaydedildi:
Detaylı Bibliyografya
Yazar: Hobson, J. A. (John Atkinson), 1858-1940
Materyal Türü: Kitap
Dil:English
Baskı/Yayın Bilgisi: London : T. Fisher Unwin, 1916.
Konular:
LEADER 00787nam a22002171i 4500
001 c000126189
003 CARM
005 00000000000000.0
008 s1916 enk 00010 eng d
019 1 |a 9650143  |5 LACONCORD2021 
035 |a (OCoLC)10011997  |5 LACONCORD2021 
100 1 |a Hobson, J. A.  |q (John Atkinson),  |d 1858-1940. 
245 1 4 |a The new protectionism. 
260 |a London :  |b T. Fisher Unwin,  |c 1916. 
300 |a 1 v. 
650 0 |a World War, 1914-1918  |x Economic aspects. 
650 0 |a Tariff  |z Great Britain. 
650 0 |a Protectionism. 
852 8 |b CARM  |h A2:AF29G0  |i A00444  |p 0067504  |f BK 
999 f f |i 7d4ea066-13f3-547e-82c4-228c8afe747f  |s cd284ed2-2cd9-5a6f-b58f-80e2da01cdfe 
952 f f |p Can circulate  |a CAVAL  |b CAVAL  |c CAVAL  |d CARM 1 Store  |e A00444  |f A2:AF29G0  |h Other scheme  |i book  |m 0067504